000 00528nam a2200181Ia 4500
008 151018s9999 xx 000 0 und d
082 _bRBASDV17360
_a891.463
100 _aद का हसमनीस
245 _aखंडणी
250 _b1
260 _bगुलमोहर प्रकाशन सातारा
_c1983
300 _a188
600 _aद का हसमनीस
630 _aखंडणी
700 _aद का हसमनीस
730 _aखंडणी
942 _cBOOK
999 _c1018042
_d1018039